| 000 | 00593nam a22002057a 4500 | ||
|---|---|---|---|
| 003 | OSt | ||
| 005 | 20210426104922.0 | ||
| 008 | 210121s1993 ||||| |||| 00| 0 eng d | ||
| 020 | _a0195210433 | ||
| 040 |
_aeng _beng _cDLC |
||
| 041 | _aeng | ||
| 080 |
_a008 _bR-66 |
||
| 100 |
_9687 _aRoberts, J., M. |
||
| 245 |
_aHistory of the World _c/ by: Oxford University Press |
||
| 260 |
_aNew York _bOxford University Press _c1993 |
||
| 300 |
_a952 p. _bill. |
||
| 650 | 0 |
_9410 _aHistory of civilizations |
|
| 653 | _aცივილიზაციების ისტორია | ||
| 942 |
_2udc _cBK |
||
| 999 |
_c933 _d933 |
||